| 000 | 00419cam a2200169ua 4500 | ||
|---|---|---|---|
| 020 | _c2.00 | ||
| 041 |
_amal _h |
||
| 082 |
_a894.8122 _bPAD/SA |
||
| 100 | _aPadmanabhan nair, K . | ||
| 245 |
_aSandhyakkoru Sooryodayam / _cK.Padmanabhan nair. _hTextual Documents |
||
| 260 |
_aThrissur : _bCurrent Books , _c1961. |
||
| 300 | _a143 ; . | ||
| 365 | _a2.00 | ||
| 504 | _a | ||
| 942 | _cBK | ||
| 999 |
_c1148 _d1148 |
||